Statistics for Geography Quiz

Click here to take the quiz!

General Stats

  • This quiz has been taken 79 times
    (53 since last reset)
  • The average score is 8 of 15

Answer Stats

Hint Answer % Correct
In which European country is the Suomi language spoken?Finland
92%
What is the largest desert in Asia?Gobi Desert
84%
In which state of America was Barack Obama born?Hawaii
82%
In which American state is Mount Rushmore?South Dakota
80%
What is the longest river in China?Yangtze river
72%
What is the least populated state in America?Wyoming
58%
What country's national flag has the words 'Ordem e progresso' on it?Brazil
52%
Which European country has 443 Islands?Denmark
50%
In which country is the Finland Station?Russia
48%
Which African country's capital is Ouagadougou?Burkina Faso
44%
What is the Australian annimal Phascolarctos Cinereus better known as?Koala
42%
In which country did Che Guevara die?Bolivia
36%
In what year did construction start on the Eiffel Tower?1887
22%
What is the tallest mountain in England ?Scafell Pike
14%
What is the largest lake in Australia?Lake Eyre
12%

Score Distribution

Percentile by Number Answered

Percent of People with Each Score

Your Score History

You have not taken this quiz since the last reset